Fünfstimmige Madrigale. 12 fünfstimige Madrigale / 2
| Main Author: | Monteverdi, Claudio, 1567-1643 |
|---|---|
| Other Authors: | Mendelssohn, Arnold Ludwig, 1855-1933 |
| Language: | German |
| Published: |
Leipzig : Peters, 1966 |
| Series: |
Edition Peters
|
| Physical Description: |
60 s. |
| LEADER | 00876ncm a22002412a 4500 | ||
|---|---|---|---|
| 001 | 000371287 | ||
| 003 | CZ BrMZK | ||
| 005 | 20101220132253.0 | ||
| 007 | qu | ||
| 008 | 980105s1966 gw f ger d | ||
| 040 | |a BOA001 |b cze | ||
| 072 | 7 | |a 784 |x Vokální hudba |2 Konspekt |9 9 | |
| 100 | 1 | |a Monteverdi, Claudio, |d 1567-1643 |7 jn19990005799 |4 cmp | |
| 245 | 1 | 0 | |a Fünfstimmige Madrigale. |n 2 |h [hudebnina] : |b 12 fünfstimige Madrigale / |c Claudio Monteverdi ; für den Vortrag bearb. von Arnold Mendellsohn |
| 260 | |a Leipzig : |b Peters, |c 1966 | ||
| 300 | |a 60 s. | ||
| 490 | 1 | |a Edition Peters ; |v Nr. 3232b | |
| 700 | 1 | |a Mendelssohn, Arnold Ludwig, |d 1855-1933 |7 skuk0000857 |4 arr | |
| 830 | 0 | |a Edition Peters | |
| 910 | |a BOA001 |b Mus3-0564.030,2 | ||
| 990 | |a MU | ||
| 991 | |b 201012 | ||
| 996 | 6 | |b 2619827737 |c Mus3-0564.030,2 |l MZK |r Sklad / do 1 hodiny |n 12 |w 000371287 |u 000010 |a 1 |e BOA001 |j MZK50 |s P | |
English
Čeština 